Responses for Show #1685 - Friday, December 20, 1991

India Cooper game 5.

Contestants

[<< previous game]

Kurt Kroboth, a financial consultant from Fish Creek, Wisconsin

Bruce Higginbotham, a U.S. history teacher from Houston, Texas

India Cooper, an actor and copy editor originally from Denver, Colorado (whose 4-day cash winnings total $55,300)

[next game >>]

Jeopardy! Round responses

WATERFALLS
MOVIE MONSTERS
JULES VERNE
FAMOUS ARMSTRONGS
COLLEGE DEGREES
ANAGRAMS
    $100 2
(Alex: Yes, Jimmie Angel.)

Angel Falls

Bruce
    $100 26
King Kong

Bruce
    $100 10
Twenty Thousand Leagues Under the Sea

Bruce
    $100 17
Satchmo Armstrong

Bruce
    $100 5
philosophy

Kurt
    $100 1
asleep (for elapse)

Bruce
    $200 3
Australia

Bruce
    $200 27
Godzilla

India
    $200 13
Around the World in Eighty Days

Bruce
    $200 18
Jack Armstrong

Bruce
    $200 6
veterinary

Kurt
    $200 8
bread (for beard)

India
    $300 4
Yosemite

Kurt
    $300 28
the fly

Kurt
    $300 14
Alexandre Dumas

Bruce
    $300 19
boxing

Kurt
    $300 7
mechanical

India
    $300 9
kitchen (for thicken)

Kurt
    $400 11
Victoria Falls

Bruce
    $400 29
The Thing

India
    $1,000 15
(Bruce: [No response])

Five Weeks in a Balloon

Bruce
    $400 22
Neil Armstrong

Bruce
    $400 20
(Bruce: What is business administration?)
(Alex: Be more specific.)

Master of Business Administration

Bruce
    $400 24
(Alex: [*], in the Highland Games.)

caber (for brace)

Triple Stumper
    $500 12
Labrador

Bruce
    $500 30
(Kurt: What is The Invisible Man?)
(India: What is Phantom of the Opera?)
[Inaudible comment]

(Alex: Correct response, what is [*]? Silver walking stick, silver stops him all the time.)

The Wolf Man

IndiaKurt
Triple Stumper
    $500 16
Nantes

Bruce
    $500 23
(Alex: Hope he made a bundle.)

FM (frequency modulation)

Triple Stumper
    $500 21
law

Bruce
    $500 25
a turbine (for tribune)

Kurt

Scores at the first commercial break (after clue 15):

India Bruce Kurt
$500 $900 $900

Scores at the end of the Jeopardy! Round:

India Bruce Kurt
$600 $3,100 $1,500

Double Jeopardy! Round responses

SURRENDERS
PHOTOGRAPHY
U.S. STAMPS
WORLD HISTORY
JUPITER
"G"EOGRAPHY
    $200 15
Alexander

India
    $200 10
a flash bulb

India
    $200 21
Pocahontas

India
    $200 1
China

Kurt
    $200 13
Earth

India
    $200 2
The Ganges

India
    $400 16
the Malvinas (the Falklands)

Kurt
    $400 11
polarizing

Bruce
    $400 22
Pony Express

Kurt
    $400 3
(Bruce: What is Aragon?)

Portugal

IndiaBruce
    $400 14
gravity

Kurt
    $400 5
Gouda

India
    $600 17
the French and Indian War

Kurt
    $1,500 20
Crimean War

Kurt
    $600 23
(Bruce: What is Yellowstone?)

Devil's Tower

Bruce
Triple Stumper
    $600 4
Russia

Kurt
    $600 25
Galileo

India
    $600 6
Genoa

Kurt
    $800 18
MacArthur

Kurt
    $800 27
(Louis) Daguerre

Kurt
    $800 24
an airplane

Kurt
    $800 9
Ferdinand (II)

India
    $800 26
Pioneer

Kurt
    $800 7
Gdansk

India
    $1000 19
(Bruce: Who is Geronimo?)
(Kurt: Who is Chief Joseph?)
...
(Alex: We had an Apache mentioned, and a Nez Perce, but no Sioux; [*].)

Crazy Horse

BruceKurt
Triple Stumper
    $1000 30
Margaret Bourke-White

India
    $2,000 28
(Kurt: What are Citizen Kane and Gone with the Wind?)

2 of (Gone with the Wind, Stage Coach, The Wizard of Oz, and Beau Geste)

Kurt
    $1000 12
Ramses (the Great)

Kurt
    $1000 29
(Great) Red Spot

India
    $1000 8
(Kurt: Who is Gogol?)

Gorky

Kurt
Triple Stumper

Scores at the end of the Double Jeopardy! Round:

India Bruce Kurt
$6,600 $1,500 $6,400

[wagering suggestions for these scores]

Final Jeopardy! Round responses

THEATRE
(Alex: Born in India in 1847… bless those plastic surgeons!)
BruceWho is Alex Trebek?
$0
KurtWho is Barrymore?
$6,400
IndiaWho are the Barrymores?
$6,500
the Barrymores

Final scores:

India Bruce Kurt
$13,100 $1,500 $12,800
5-day champion: $68,400 3rd place: Lane's Heirloom cedar chest + Nintendo Entertainment System + games including Super Jeopardy! & Wheel of Fortune with Vanna White) 2nd place: a trip for 2 from Los Angeles to Penang, Malaysia

Game dynamics:

Coryat scores:

India Bruce Kurt
$6,600 $2,500 $7,500
16 R,
1 W
16 R,
4 W
(including 1 DD)
20 R
(including 1 DD),
4 W
(including 1 DD)

Combined Coryat: $16,600

[game clues] [game scores] [suggest correction]

Game tape date: 1991-09-30
The J! Archive is created by fans, for fans. Scraping, republication, monetization, and malicious use prohibited; this site may use cookies and collect identifying information. See terms. The Jeopardy! game show and all elements thereof, including but not limited to copyright and trademark thereto, are the property of Jeopardy Productions, Inc. and are protected under law. This website is not affiliated with, sponsored by, or operated by Jeopardy Productions, Inc. Join the discussion at JBoard.tv.